[Event "GibChess Battle of the Sexes 2022"]
[Site "Caleta"]
[Date "2022.01.28"]
[Round "5.1"]
[White "Batsiashvili, Nino"]
[Black "Bwalya, Gillan"]
[Result "1-0"]
[WhiteElo "2491"]
[BlackElo "2404"]
[Annotator "TA"]
[PlyCount "73"]
[EventDate "2022.01.01"]
[EventType "schev"]
[EventCountry "GGB"]
[SourceTitle "playchess.com"]
[Source "ChessBase"]
[SourceQuality "1"]

{[%evp 9,73,22,33,21,27,27,26,29,46,33,36,22,33,-20,16,20,14,11,10,20,30,-33,-29,-33,-27,-21,66,77,74,82,61,62,97,0,91,60,109,123,167,141,166,152,325,318,295,250,245,256,342,332,849,594,794,790,788,781,1122,875,29973,29974,29988,29985,29985,29986,29986,378]} 1. d4 f5 2. Bf4 Nf6 3. e3 d6 4. Nc3 e6 5. Nf3 Nc6 6. h3 {[%cal Og2g4] [#] A80: Dutch Defence: Unusual White second moves.} h6 $146 ({Predecessor:} 6... Be7 7. a3 O-O 8. Bd3 Qe8 9. Qe2 Bd7 10. g4 g6 11. Bh6 Rf7 12. Ng5 Bf8 13. Nxf7 Qxf7 14. Bxf8 Kxf8 15. gxf5 gxf5 {1-0 (22) Rabinovich,A (2423)-Malavazzi,B Sao Paulo 2007}) 7. g4 g5 8. Bg3 {White has an edge.} Bg7 9. gxf5 exf5 10. d5 Ne7 11. Bc4 (11. Qd2 $14) 11... a6 12. Nd4 b5 13. Bb3 b4 14. Nce2 Bd7 15. Ne6 ({White should play} 15. h4 $11) 15... Bxe6 $15 16. dxe6 O-O 17. h4 d5 (17... g4 $11) 18. hxg5 $14 hxg5 19. c4 {Threatens to win with cxd5.} bxc3 20. Nxc3 {[%cal Be2c3,Bc3a4,Ba4c5,Bc5d7][%mdl 32]} c6 {[#]} 21. Qf3 (21. Qc2 $1 $16) 21... Ra7 (21... Qc8 $11 {remains equal.}) 22. Be5 {[%cal Oe3e4] Hoping for e4!} Qc8 (22... Rb7 $1 $14) 23. Bd4 $36 {[%mdl 2048] White is really pushing. White is much more active. This bishop pair is nice.} Rb7 (23... g4 $16 24. Qf4 Ra8) 24. Na4 Rb5 25. Nc5 Qe8 $2 {This move loses the game for Black.} (25... Qc7 $16) 26. Qg3 (26. Nxa6 Qg6 $16) 26... Qg6 {[%cal Ob5c5]} 27. Qc7 Re8 28. f3 {Prevents Ne4.} f4 29. Nd7 {Really sharp!} (29. exf4 Nh5 30. Qd7 Rbb8 31. Bxg7 (31. Nxa6 $2 Bxd4 32. Nxb8 gxf4 $19) 31... Nxg7 $18) (29. Nxa6 fxe3 30. O-O-O (30. Bxe3 $2 Qd3 $19) 30... Rxb3 31. axb3 Nf5 $17) 29... Qf5 {To avoid Bc2} (29... Rc8 30. Nxf6+ (30. Qd6 Nf5 $11) 30... Qxf6) 30. O-O-O {[%cal Oh1h6] Rh6! is the strong threat.} Qxe6 31. Nxf6+ {[%mdl 64] [#] Overworked Piece} Bxf6 32. Rh6 Rf8 33. Rdh1 {[%cal Oh6g6] Rg6+! would kill now.} Rxb3 34. axb3 {White mates.} fxe3 35. Bxf6 Rxf6 36. Rh8+ Kg7 37. R1h7+ {[%mdl 64] Skewer.  Weighted Error Value: White=0.25 (precise) /Black=0.48} 1-0

[Event "GibChess Battle of the Sexes 2022"]
[Site "Caleta"]
[Date "2022.01.28"]
[Round "5.2"]
[White "Houska, Jovanka"]
[Black "Aziz, Husain"]
[Result "1/2-1/2"]
[WhiteElo "2365"]
[BlackElo "2357"]
[Annotator "TA"]
[PlyCount "136"]
[EventDate "2022.01.01"]
[EventType "schev"]
[EventCountry "GGB"]
[SourceTitle "playchess.com"]
[Source "ChessBase"]
[SourceQuality "1"]

{[%evp 9,136,25,31,12,13,10,9,10,17,17,21,12,18,0,0,0,0,0,18,0,9,-41,-22,-28,-37,-35,0,-33,-12,-51,-37,-49,0,0,0,-13,-14,-3,16,16,14,14,30,24,79,90,59,81,85,85,137,201,252,255,599,592,612,602,602,616,606,602,598,582,573,566,500,54,40,30,34,9,9,8,50,38,38,16,23,29,23,23,23,23,24,-4,80,87,91,83,78,76,179,176,189,82,85,83,88,84,99,10,37,0,0,0,0,0,0,0,0,0,0,0,0,-34,0,0,3,0,75,10,13,0,0,0,0,0,0]} 1. Nf3 d5 2. g3 Nd7 3. d4 Nb6 4. a4 a5 5. b3 Bf5 {[#]} 6. Nbd2 $146 {D02: 1 d4 d5 2 Nf3 sidelines, including 2...Nf6 3 g3 and 2...Nf6 3 Bf4.} ({Predecessor:} 6. Ba3 c6 7. Nbd2 h6 8. c4 Nf6 9. Bg2 Nbd7 10. cxd5 cxd5 11. O-O e6 12. Bxf8 Nxf8 {½-½ (37) Meier,G (2628)-Wojtaszek,R (2705) Tornelo INT 2020}) 6... e6 7. Bb2 h6 8. Bg2 Nf6 9. O-O Be7 10. Ne5 {[%cal Bf3e5,Be5d3,Bd3f4][%mdl 32]} O-O 11. Nd3 Nbd7 {[%cal Bb6d7,Bd7b8,Bb8a6,Ba6b4][%mdl 32]} 12. Rc1 c6 13. c4 Nb8 14. Nf4 Na6 15. f3 (15. Nf3 $11) 15... Nb4 16. e4 Bh7 17. Qe2 Re8 18. Kh1 Bf8 (18... Qb6 {looks sharper.} 19. Bh3 Rad8 20. Rcd1 Bf8 21. Bc3 Qc7) 19. Nd3 Nxd3 20. Qxd3 Bb4 (20... dxe4 $15 {is more appropriate.} 21. fxe4 (21. Nxe4 e5 $11) 21... e5) 21. Rfd1 $11 Qe7 22. Qe3 dxe4 23. Nxe4 Bxe4 24. fxe4 {[%cal Bf3e4,Be4d5,Bd5d6,Bd6d7][%mdl 32]} e5 25. d5 Bc5 26. Qf3 Ba3 (26... Rad8 $11) 27. Bxa3 $16 Qxa3 28. c5 $1 cxd5 29. exd5 e4 ({Black should try} 29... Qb2) 30. Qc3 Rac8 31. Bh3 {Prevents Nd7.} Rc7 (31... Rcd8) 32. d6 $18 Rc6 33. d7 Rd8 34. Qxa5 b6 35. Qb5 Rxc5 36. Rxc5 Qxc5 37. Qxc5 bxc5 {[%mdl 4096] Endgame KRB-KRN} 38. Rc1 $2 ({White has to play} 38. Kg2 $18) 38... Nxd7 $14 39. Rd1 e3 40. Kg2 ({Don't go for} 40. Rxd7 $2 Rxd7 41. Kg2 (41. Bxd7 $2 {too greedy.} e2 $19) 41... Rd2+ 42. Kf1 Rxh2 $19) 40... e2 41. Re1 Nf6 (41... c4 $11 {deserves consideration.}) 42. Rxe2 Rb8 43. Re3 c4 44. bxc4 {[%cal Bb3c4,Bc4c5,Bc5c6][%mdl 32]} Rb2+ $1 45. Kf3 {Ra3 is the strong threat.} Ra2 {To avoid Ra3} 46. c5 {Threatens to win with c6.} Rxa4 47. Rc3 {And now c6 would win.} Ra7 (47... Ne4 $11 48. Rc2 Ng5+ 49. Kg2 Nxh3) 48. c6 $16 {aiming for c7.} Rc7 49. Bg2 $1 Kf8 50. Kf4 Ke7 {[#]} (50... Ne8 $16) 51. Ke5 $1 $18 Kd8 {[#]} 52. Ra3 (52. Rd3+ $1 $18 {and White stays clearly on top.} Ke7 53. Rb3) 52... Re7+ $16 53. Kd6 {[%cal Ra3a8]} Ne8+ 54. Kc5 {Strongly threatening Kb6.} Re5+ 55. Kb6 (55. Kd4 $16 Re7 56. Bd5) 55... Nc7 $11 {Prevents Ra8+.} 56. Rd3+ Kc8 57. Rb3 Na8+ 58. Ka6 Nc7+ 59. Ka7 {[%csl Ga7][%cal Rb3b8]} Nb5+ 60. Kb6 Nc7 61. Bh3+ f5 62. g4 g6 63. gxf5 gxf5 64. Bf1 Re1 (64... Nd5+ $11 {keeps the balance.} 65. Kc5 Nf4+ 66. Kd4 Re4+ 67. Kc5 Re5+ 68. Kb6 Nd5+ 69. Kc5 Nf4+) 65. Bd3 (65. Bc4 $16) 65... Re5 {The position is equal.} 66. Rb1 Nd5+ 67. Kc5 {Intending Kd6 and mate.} Nf4+ 68. Kc4 Nxd3 {Weighted Error Value: White=0.26 (precise) /Black=0.19 (very precise)} 1/2-1/2

[Event "GibChess Battle of the Sexes 2022"]
[Site "Caleta"]
[Date "2022.01.28"]
[Round "5.3"]
[White "Girya, Olga"]
[Black "Brunello, Sabino"]
[Result "0-1"]
[WhiteElo "2416"]
[BlackElo "2492"]
[Annotator "TA"]
[PlyCount "210"]
[EventDate "2022.01.01"]
[EventType "schev"]
[EventCountry "GGB"]
[SourceTitle "playchess.com"]
[Source "ChessBase"]
[SourceQuality "1"]

{[%evp 18,210,9,23,16,9,15,25,47,26,58,38,37,14,3,6,13,6,0,0,1,16,14,10,16,18,5,0,0,0,0,0,0,0,0,0,24,-16,0,-30,-34,-45,-48,-42,-21,-94,-55,-42,16,-89,-99,-106,-106,-88,-98,-111,-97,-123,-115,-141,-126,-141,0,-45,0,-114,-91,-81,-70,-100,-99,-343,-322,-694,-211,-211,-211,-184,-69,-70,-75,-123,-108,-119,-40,-33,0,0,0,-28,-35,-52,-31,-45,-54,-128,-27,-129,-157,-593,0,0,0,0,0,0,0,-3,0,0,0,0,0,0,0,0,0,0,0,0,0,0,0,0,-7,-14,0,-28,0,0,0,0,0,0,0,0,0,0,0,0,0,0,0,0,0,0,0,0,0,0,0,0,0,0,0,0,0,-3,0,0,0,0,0,0,0,0,0,0,0,0,0,0,0,0,0,-92,-92,-92,0,-92,0,-92,-92,-204,-199,-241,-197,-226,-164,-314,-200,-1466,-1359,-29987,-29988]} 1. d4 Nf6 2. Nf3 e6 3. c4 b6 4. g3 Ba6 5. b3 Bb7 6. Bg2 Bb4+ 7. Bd2 a5 8. O-O O-O 9. a3 Be7 10. Nc3 Ne4 {E15: Queen's Indian: 4 g3 sidelines, 4 g3 Ba6 and 4 g3 Bb7 early deviations.} 11. Qc2 Nxd2 12. Nxd2 Bxg2 {White has an edge.} 13. Kxg2 {[#]} d5 $146 ({Predecessor:} 13... d6 14. Qe4 Na6 15. Rfd1 Bf6 16. Rac1 Re8 17. Nf3 e5 18. Qc6 exd4 19. Nd5 Be5 {1-0 (32) Neumeier,K (2296)-Nemeth,D (2275) Austria 2013}) 14. cxd5 exd5 15. Nf3 {[%cal Bd2f3,Bf3e5,Be5c4][%mdl 32]} c6 16. e4 dxe4 17. Nxe4 Ra7 18. Rfd1 Rc7 19. Ne5 Qd5 {Hoping for ...f5.} 20. Kg1 c5 21. Nc3 Qe6 {White must now prevent ...cxd4.} 22. Nb5 Rcc8 23. Nc4 {Pair of Knights!} cxd4 24. Nxd4 Qf6 25. Nb5 Bc5 26. Rac1 Rcd8 27. Rf1 {[%cal Oc4a5]} (27. Nxa5 $5 Rxd1+ 28. Rxd1 $14) 27... Nd7 {[%cal Bb8d7,Bd7f6,Bf6e4][%mdl 32]} 28. Qc3 Qg5 29. a4 Nf6 30. Qf3 {Inhibits Qf5.} Rd5 (30... Qg6 $5 {[%cal Rd8d3]}) 31. Rc2 (31. Kg2 $1 $11) 31... Rf5 32. Qg2 Rd8 {[#]} (32... Qh5 $15) 33. Nc3 (33. Ncd6 $1 $11 {remains equal.}) 33... h5 $1 $17 {Black is more active.} 34. Ne4 Nxe4 35. Qxe4 Qf6 36. Kg2 Rd4 $1 37. Qa8+ Kh7 $1 38. Ne3 Re5 39. Nc4 Rf5 (39... Ree4 $17 {...h4 is the strong threat.} 40. Rd1 h4 41. Rxd4 Rxd4) 40. Ne3 $1 $15 Re5 (40... Rg5 $1 $15) 41. Nc4 $1 $17 Rd8 42. Qf3 ({Don't go for} 42. Qxd8 $2 Qxd8 43. Nxe5 Qd5+ 44. Nf3 g5 $19) 42... Rf5 43. Qe4 Rd4 44. Qb7 (44. Qe2 $17) 44... Qe6 $1 $19 45. Rd2 $2 (45. h4) 45... Rxd2 $2 (45... h4 46. Rxd4 Bxd4) 46. Nxd2 Rd5 47. Nf3 {[%cal Of1d1]} Qf5 (47... h4 $1 $19 48. Nxh4 g5) 48. h4 $15 f6 {Prevents Ng5+.} 49. Rc1 (49. Rb1 $142) 49... Rd3 $17 50. Rc4 Rxb3 (50... Qe6 $1 $17 {aiming for ...Qe2.} 51. Rf4 Rd1) 51. Rf4 $1 $15 Qe6 {[%cal Oc5f2] Strongly threatening ...Bxf2!} (51... Qc2 $5 52. Nd4 Bxd4 53. Rxd4 Rb4 $17) 52. Re4 $1 Qf5 53. Rf4 Qc2 54. Nd4 Bxd4 55. Rxd4 {[%mdl 4096] Endgame KQR-KQR} Rb4 56. Qd5 (56. Qd7 $15) 56... Kh6 (56... Kg6 $17 57. Qd7 Qe2) 57. Qd8 (57. Qe6 $1 $11) 57... Qc6+ $1 $17 (57... Rxa4 $2 58. Qh8+ Kg6 59. Qe8+ Kh6 60. Qxa4 $18) 58. Kh2 $2 (58. Kg1 $17) 58... Rb2 $2 ({Better is} 58... Qf3 $1 $19 {[%cal Rf3f2]} 59. Qh8+ Kg6 60. Qe8+ Kh7) 59. Rd2 $11 Rxd2 60. Qxd2+ {KQ-KQ} Kg6 61. Qd3+ Kf7 62. Qb3+ $1 Qe6 63. Qb5 Kg6 64. Qb1+ Kf7 65. Qb5 g6 66. Kg2 Ke7 67. Kh2 Qd6 68. Qe2+ Qe5 69. Qd3 f5 70. f4 Qb2+ 71. Kh3 Qb4 72. Qd5 Qe4 (72... Qxa4 $5 {[%cal Ra4e4]} 73. Qe5+ Kd7 74. Qg7+ Kc8 75. Qxg6 Qe4 $15) 73. Qd1 Ke6 74. Qb3+ Kd7 {[%cal Re4h1]} ({Don't play} 74... Ke7 $6 75. Kh2 $17) 75. Kh2 {Prevents Qh1+.} Qe2+ 76. Kg1 Qe6 77. Qc3 Qd6 78. Kh2 Qe6 79. Kg1 Qd6 80. Kh2 Qc6 81. Qg7+ Kc8 82. Qg8+ Kb7 83. Qb3 Ka7 84. Qf7+ Ka6 85. Qb3 {To avoid Qc2+} Qd7 86. Qc4+ Kb7 87. Qb3 b5 88. axb5 Kb6 89. Qe3+ Kxb5 90. Qe5+ Kb6 91. Qe3+ Kb7 92. Qb3+ $1 Ka6 93. Qc4+ Kb6 94. Qb3+ Qb5 95. Qe6+ Qc6 96. Qb3+ (96. Qe3+ $11 Kb5 97. Qe5+ Qc5 98. Qb2+ Qb4 99. Qe2+ Kc5 100. Qe3+ Kc4 101. Qe6+ Kc3 102. Qxg6) 96... Ka6 $17 97. Qd3+ Ka7 (97... Kb7 $1 $17 98. Qb3+ Ka8) 98. Qe3+ (98. Qd4+ $1 $11 {keeps the balance.} Ka6 99. Qd3+ Kb7 100. Qb1+ Ka8 101. Kh3) 98... Kb7 ({Black should try} 98... Ka8 $1 $17 99. Qe1 a4) 99. Qb3+ (99. Qe7+ $1 $11 {was the only way to keep the balance.} Qc7 100. Qe2) 99... Ka8 $1 100. Qb2 (100. Qd3 $17) 100... a4 $19 101. Qb4 {[#]} (101. Qg7 $142) 101... Ka7 $1 102. Qd4+ Ka6 103. Qb4 {[#]} (103. Qa1 $142) 103... Qc2+ $1 104. Kg1 $2 (104. Kh3) 104... Qb3 105. Qd6+ Qb6+ {Weighted Error Value: White=0.42/Black=0.37} 0-1

[Event "GibChess Battle of the Sexes 2022"]
[Site "Caleta"]
[Date "2022.01.28"]
[Round "5.4"]
[White "Cramling, Pia"]
[Black "Cheng, Bobby"]
[Result "1/2-1/2"]
[WhiteElo "2452"]
[BlackElo "2550"]
[Annotator "TA"]
[PlyCount "60"]
[EventDate "2022.01.01"]
[EventType "schev"]
[EventCountry "GGB"]
[SourceTitle "playchess.com"]
[Source "ChessBase"]
[SourceQuality "1"]

{[%evp 10,60,15,-4,0,0,11,14,20,16,12,0,0,0,0,0,19,25,22,0,34,-12,0,0,0,-29,-6,0,10,7,12,16,75,0,18,0,11,-59,0,0,0,0,16,15,45,47,55,42,53,47,81,105,108]} 1. Nf3 d5 2. d4 Nf6 3. c4 e6 4. Nc3 dxc4 5. e3 a6 6. a4 b6 {D24: Queen's Gambit Accepted: 3 Nf3 Nf6 4 Nc3.} 7. Bxc4 Bb7 {To avoid e4} 8. O-O {[%cal Oe3e4]} Bb4 {The position is equal.} 9. Qe2 O-O 10. Ne5 c5 {[#]} 11. Na2 $146 ({Predecessor:} 11. Rd1 Qc8 12. Bd3 Nc6 13. Ng4 Nxg4 14. Qxg4 f5 15. Qf4 Rf6 16. Be2 cxd4 17. exd4 {1-0 (56) Haque,M (2036)-O'Connor,J (2165) Dublin 2019}) 11... Ba5 {[%cal Ob6b5]} 12. Rd1 Qc7 13. b3 Nc6 14. Bb2 Rfd8 15. Ng4 (15. Nxc6 $14 Qxc6 16. f3) 15... Nd5 16. dxc5 bxc5 {[#] ...f5 is the strong threat.} 17. h3 {[%cal Og4h6]} Qe7 18. Ne5 Bc7 19. Nxc6 Bxc6 20. Nc3 Qd6 {[#]} (20... Nb4 $11 {keeps the balance.}) 21. f4 (21. g3 $1 $16) 21... Qe7 22. Qf2 Rd7 23. Ne2 (23. Rd3 $11) 23... Bb7 (23... Nb6 $1 $15) 24. e4 $11 Nb6 25. Qg3 {[%csl Gb2][%cal Rg3g7]} f6 26. Rxd7 $40 {[%mdl 128] Black needs to defend precisely.} Nxd7 27. Qg4 Re8 28. Ng3 {Threatens to win with Nf5.} Kh8 29. Rd1 {[%cal Oc4e6] Hoping for Bxe6!} Nf8 30. f5 {[%cal Oe4e5] White is much more active.} Bxg3 {Weighted Error Value: White=0.13 (very precise) /Black=0.15 (very precise)} 1/2-1/2

[Event "GibChess Battle of the Sexes 2022"]
[Site "Caleta"]
[Date "2022.01.28"]
[Round "5.5"]
[White "Sukandar, Irine Kharisma"]
[Black "Krysa, Leandro"]
[Result "1/2-1/2"]
[WhiteElo "2407"]
[BlackElo "2516"]
[Annotator "TA"]
[PlyCount "87"]
[EventDate "2022.01.01"]
[EventType "schev"]
[EventCountry "GGB"]
[SourceTitle "playchess.com"]
[Source "ChessBase"]
[SourceQuality "1"]

{[%evp 14,87,0,-22,-6,-7,-7,-4,5,-1,0,0,0,0,0,-16,0,-8,0,0,0,0,0,0,0,0,0,0,0,0,0,0,0,0,0,-33,0,0,0,0,0,0,0,0,0,0,0,-5,0,0,0,0,0,0,0,0,0,0,0,0,0,0,0,0,0,0,0,0,0,0,0,0,0,0,0,0]} 1. e4 c6 2. d4 d5 3. exd5 cxd5 4. Bd3 Nc6 5. c3 Qc7 6. Ne2 Bg4 7. f3 Bd7 8. Bf4 e5 {B13: Caro-Kann: Exchange Variation and Panov-Botvinnik Attack.} 9. dxe5 Nxe5 10. O-O Bd6 11. Nd4 Nf6 {[#]} 12. Bf5 $146 ({Predecessor:} 12. Na3 O-O 13. Kh1 Bxa3 14. bxa3 Nh5 15. Bxe5 Qxe5 16. Re1 Qc7 17. Qb3 Nf4 18. Bf1 {½-½ (35) Gusain,H (2461)-Warakomski,T (2518) Warsaw 2017}) 12... O-O 13. Bxd7 Qxd7 14. Nd2 h6 15. Qc2 Rfe8 16. N2b3 Nh5 17. Bxe5 Rxe5 18. Rae1 Rae8 19. Rxe5 Rxe5 20. Nc1 Rg5 {[#] White must now prevent ...Qh3.} 21. Nd3 Qh3 22. g4 Nf4 {To avoid Qg2} 23. Nxf4 Bxf4 24. Re1 {[%cal Re1e8] [#] Inhibits Be3+.} (24. Qg2 $5 {[%cal Rg2h3]} Be3+ 25. Kh1 Qxg2+ 26. Kxg2 $11) 24... g6 {Strongly threatening ...h5.} (24... Kf8 $5 {[%cal Rh6h5]} 25. Qg2 (25. Qe2 $2 Re5 $19) 25... Qh4 $15) 25. Re8+ {The position is equal.} Kg7 {Hoping for ...h5.} 26. Qg2 Qh4 27. Qf2 Qxf2+ 28. Kxf2 $11 {[%mdl 4096] Endgame KRB-KRN} Re5 {Inhibits Re7.} 29. Rd8 Be3+ 30. Kg3 Bxd4 31. cxd4 {KR-KR} Re2 32. Rxd5 Rxb2 33. a4 Kf6 34. h4 Ke6 35. Ra5 a6 36. Kf4 Kd6 37. h5 Re2 38. g5 hxg5+ 39. Rxg5 gxh5 40. Rxh5 b6 41. Rh6+ Re6 42. Rh5 Re2 43. Rh6+ Re6 44. Rh5 {A balanced but interesting game.  Weighted Error Value: White=0.03 (flawless) /Black=0.02 (flawless)} 1/2-1/2

[Event "GibChess Battle of the Sexes 2022"]
[Site "Caleta"]
[Date "2022.01.28"]
[Round "5.6"]
[White "Abdumalik, Zhansaya"]
[Black "Haria, Ravi"]
[Result "1/2-1/2"]
[WhiteElo "2491"]
[BlackElo "2490"]
[Annotator "TA"]
[PlyCount "63"]
[EventDate "2022.01.01"]
[EventType "schev"]
[EventCountry "GGB"]
[SourceTitle "playchess.com"]
[Source "ChessBase"]
[SourceQuality "1"]

{[%evp 18,63,4,-14,16,14,61,58,57,16,57,56,90,50,83,80,78,0,0,-15,-19,-17,0,0,0,-47,-50,-34,0,0,0,0,0,0,0,0,0,0,34,21,21,18,22,0,0,0,0,0]} 1. e4 e5 2. Nf3 Nc6 3. d4 exd4 4. Nxd4 Nf6 5. Nxc6 bxc6 6. e5 Qe7 7. Qe2 Nd5 8. c4 Nb6 9. Nd2 a5 10. Qe4 Qe6 {C45: Scotch Game.} 11. Bd3 Ba6 (11... Na4 $11) 12. O-O $14 {[#]} f5 $146 {White is slightly better.} ({Predecessor:} 12... Be7 13. f4 g6 14. f5 gxf5 15. Rxf5 O-O-O 16. Nf3 Bxc4 17. Be3 Qd5 18. Qxd5 Bxd5 {0-1 (42) Bernotas,A (2408)-Costachi,M (2471) Chess.com INT 2018}) 13. Qe2 (13. exf6 $14 Qxe4 14. Nxe4) 13... g6 (13... Bb4 $11) 14. b3 Bg7 15. f4 O-O 16. Nf3 c5 17. a4 ({Better is} 17. Ng5 $16 Qe7 18. Bb2) 17... Bb7 $11 18. Ba3 d6 19. Rae1 Rfe8 20. Bb2 Nd7 21. Bc3 (21. Ng5 $11 Qe7 22. g4 Nxe5 23. gxf5 Nxd3 24. Qxd3 Bxb2 25. Rxe7 Rxe7 26. Nf3 (26. Ne6 gxf5 27. Re1 Rae8 $15)) 21... dxe5 $15 22. Nxe5 Nxe5 23. fxe5 Qb6 24. Bc2 Rad8 {[%cal Od8d4]} 25. Qf2 Re7 26. Re2 Rde8 {[%cal Rg7e5]} 27. Rfe1 Be4 28. Bxe4 fxe4 {The position is equal.} 29. Rxe4 Qxb3 30. Bxa5 Rxe5 31. Rxe5 Rxe5 32. Bxc7 {Weighted Error Value: White=0.14 (very precise) /Black=0.14 (very precise)} 1/2-1/2

[Event "GibChess Battle of the Sexes 2022"]
[Site "Caleta"]
[Date "2022.01.28"]
[Round "5.7"]
[White "Efroimski, Marsel"]
[Black "Bellahcene, Bilel"]
[Result "1/2-1/2"]
[WhiteElo "2429"]
[BlackElo "2512"]
[Annotator "TA"]
[PlyCount "28"]
[EventDate "2022.01.01"]
[EventType "schev"]
[EventCountry "GGB"]
[SourceTitle "playchess.com"]
[Source "ChessBase"]
[SourceQuality "1"]

{[%evp 13,28,17,33,0,0,0,0,0,31,13,22,28,29,14,11,13,25]} 1. e4 c5 2. Nf3 d6 3. Bb5+ Nd7 4. d4 cxd4 5. Qxd4 e5 6. Qd1 Ngf6 7. Nc3 Be7 8. a4 {B51: Sicilian: Moscow Variation (3 Bb5+) without 3...Bd7.} (8. Bg5 $5 {[%cal Rg5f6]}) 8... O-O 9. O-O Nc5 {[%cal Bd7c5,Bc5e6,Be6f4][%mdl 32] [#]} 10. Qe2 $146 ({Predecessor:} 10. Re1 a6 11. Bc4 Bg4 12. h3 Be6 13. b3 Bxc4 14. bxc4 Rc8 15. Rb1 Qd7 16. Bg5 {½-½ (34) Metz,L (1526)-Jordaan,W (1540) LSS email 2014}) 10... a6 11. Bc4 Bd7 {[%cal Ob7b5]} 12. Bg5 Ne6 13. Bxf6 Bxf6 14. Nd5 Nf4 {An uneventful encounter.  Weighted Error Value: White=0.08 (flawless) /Black=0.08 (flawless)} 1/2-1/2

[Event "GibChess Battle of the Sexes 2022"]
[Site "Caleta"]
[Date "2022.01.28"]
[Round "5.8"]
[White "Muzychuk, Mariya"]
[Black "Rosen, Eric"]
[Result "1-0"]
[WhiteElo "2539"]
[BlackElo "2356"]
[Annotator "TA"]
[PlyCount "121"]
[EventDate "2022.01.01"]
[EventType "schev"]
[EventCountry "GGB"]
[SourceTitle "playchess.com"]
[Source "ChessBase"]
[SourceQuality "1"]

{[%evp 9,121,9,12,13,0,0,24,0,0,-6,-3,-10,-3,-39,-25,-29,10,0,0,0,0,0,0,0,0,0,0,0,16,23,18,16,16,23,43,28,37,31,29,4,6,4,8,7,9,0,6,4,20,33,81,40,40,40,52,67,58,65,80,75,81,82,88,8,8,8,8,8,8,8,8,8,8,8,42,42,29958,29945,29971,29975,29975,29976,29976,29978,29978,29977,29977,29978,29978,29979,29979,29980,29980,29981,29982,29981,29981,29982,29983,29982,29982,29983,29985,29984,29984,29983,29985,29983,29983,29984,29984,29985,29985,29986]} 1. e4 c5 2. Nf3 d6 3. d4 Nf6 4. Bb5+ Bd7 5. Bxd7+ Qxd7 6. dxc5 {B53: Sicilian: 2...d6: Lines with Qxd4.} Nxe4 7. cxd6 $1 Nxd6 ({Resist} 7... Qb5 8. Na3 Qa6 9. c4 Nxd6 10. Qb3 $16) 8. O-O {White has an edge.} Nc6 9. Nc3 {[%cal Bb1c3,Bc3d5,Bd5e7][%mdl 32]} g6 10. Bf4 Bg7 {[#]} 11. Qe2 $146 (11. Bxd6 $5 Qxd6 12. Qxd6 exd6 13. Nd5 $11) ({Predecessor:} 11. Bxd6 Bxc3 12. bxc3 Qxd6 13. Qxd6 exd6 14. Ng5 d5 15. Rfe1+ Kf8 16. Rab1 b6 17. Red1 Rd8 18. Rb5 d4 19. c4 Kg7 20. Nf3 Rd7 21. a4 Rhd8 {½-½ (21) Fedorov,A (2617)-Georgiev,K (2680) Fuegen 2006}) 11... O-O {[%cal Oe7e5]} 12. Rad1 Qf5 (12... Bxc3 $5 13. bxc3 Rad8 $11) 13. Nd5 {[%cal Oe2e7]} e5 14. Nxe5 Bxe5 15. Qxe5 Qxe5 16. Bxe5 Nxe5 17. Ne7+ Kg7 18. Rxd6 Rfd8 19. Rdd1 Nc4 20. b3 Nb6 {Hoping for ...Kf8.} 21. c4 Kf6 22. Nd5+ (22. Rde1 {seems wilder.} Rd7 23. g4 h5 24. f3 Kg7 25. Re4) 22... Nxd5 23. cxd5 $11 {[%mdl 4096] Endgame KRR-KRR} Rd7 24. Rd4 Rc8 25. Rfd1 Rc2 26. a4 Ke5 27. g3 Kd6 28. R1d3 Re7 29. g4 Re5 (29... Rce2 $14 {should be considered.}) 30. Rf4 ({White should try} 30. Rh3 $1 $16) 30... f5 $14 31. gxf5 Rxf5 32. Rxf5 gxf5 {KR-KR} 33. Kg2 Re2 34. Rh3 Rb2 35. Rxh7 Rxb3 36. Rf7 (36. h4 $16) 36... Rb4 $11 37. a5 {[%cal Oh2h4]} Rb5 38. h4 {[%cal Bh2h4,Bh4h5,Bh5h6][%mdl 32] Threatens to win with h5.} Rxd5 39. h5 {Strongly threatening h6.} f4 40. h6 Rxa5 41. Rxb7 {Threatening Kf3.} Rh5 42. Rxa7 Rh4 $2 {[%mdl 8192] [#] This costs Black the game.} (42... Ke6 $14) 43. Ra3 $1 {White mates.} f3+ 44. Kg3 Rh1 {[#]} 45. Ra4 $1 Rg1+ 46. Kxf3 Rh1 47. Kg3 Rg1+ 48. Kh2 Rg8 49. h7 Rh8 50. Rh4 Ke6 51. Kg3 Kf5 52. Rh5+ Kg6 53. Kg4 Kf6 54. Rh6+ Kg7 55. Kg5 Kf7 56. Rh4 Kg7 57. Rh3 Kf7 58. Kh6 Ra8 59. Rf3+ Ke6 60. Kg7 Ra7+ 61. Kg8 {Weighted Error Value: White=0.07 (flawless) /Black=0.15 (very precise)} 1-0